| 000 | 00537cab a2200193 4500 | ||
|---|---|---|---|
| 001 | ABS40946 | ||
| 008 | 090401t1989 xxu||||| |||| 00| 0 eng d | ||
| 035 | _a(Sirsi) u27113 | ||
| 041 | _aeng | ||
| 100 | _aSlater, L. | ||
| 245 | _aWho controls the trees in your garden? | ||
| 260 | _c1989 | ||
| 350 | _a0 | ||
| 490 |
_aProperty Director _vSummer 1989, 16(1) |
||
| 520 | _aExplains the law relating to trees including tree preservation orders . | ||
| 690 | _aCONSERVATION AND THE ENVIRONMENT | ||
| 942 | _n0 | ||
| 948 | _c04/03/1997 | ||
| 999 |
_c18258 _d18258 |
||